El proceso de normalización contable y la Norma Unificada Argentina (NUA) (Registro nro. 10527)

Detalles MARC
000 -LEADER
fixed length control field 00431 a2200133 4500
001 - CONTROL NUMBER
control field ART_57245
005 - DATE AND TIME OF LATEST TRANSACTION
control field 20260410161610.0
008 - FIXED-LENGTH DATA ELEMENTS--GENERAL INFORMATION
fixed length control field 260409a
100 1# - MAIN ENTRY--PERSONAL NAME
Personal name Sader, Gustavo
245 10 - TITLE STATEMENT
Title El proceso de normalización contable y la Norma Unificada Argentina (NUA)
700 1# - ADDED ENTRY--PERSONAL NAME
Personal name Verón, Carmen S.
700 1# - ADDED ENTRY--PERSONAL NAME
Personal name Werbin, Eliana M.
773 0# - HOST ITEM ENTRY
Title Profesional & Empresaria
Related parts - Año XXIV, Nº 278 (nov. 2022)
Record control number REV70

No hay ítems disponibles.